II Jarique de Numismática Hispano - Arab. (Record n. 5442)
[ formato base ]
| 000 -LEADER | |
|---|---|
| fixed length control field | 00869cam a2200253 i 4500 |
| 003 - CONTROL NUMBER IDENTIFIER | |
| control field | IT-RoINE |
| 005 - DATE AND TIME OF LATEST TRANSACTION | |
| control field | 20210105111042.0 |
| 008 - FIXED-LENGTH DATA ELEMENTS--GENERAL INFORMATION | |
| fixed length control field | 921110s1990 sp | r || | cat d |
| 020 ## - INTERNATIONAL STANDARD BOOK NUMBER | |
| International Standard Book Number | 8487029140 |
| 040 ## - CATALOGING SOURCE | |
| Original cataloging agency | SpMaBN |
| Language of cataloging | spa |
| Transcribing agency | IT-RoINE |
| 041 0# - LANGUAGE CODE | |
| Language code of text/sound track or separate title | cat |
| -- | fre |
| -- | por |
| -- | spa |
| 111 2# - MAIN ENTRY--MEETING NAME | |
| 9 (RLIN) | 11586 |
| Meeting name or jurisdiction name as entry element | Jarique de Numismática Hispano-Arab |
| Number of part/section/meeting | (2º. |
| Date of meeting | 1988. |
| Location of meeting | Lérida, España) |
| 245 10 - TITLE STATEMENT | |
| Title | II Jarique de Numismática Hispano - Arab. |
| 260 ## - PUBLICATION, DISTRIBUTION, ETC. (IMPRINT) | |
| Place of publication, distribution, etc | [Lérida] : |
| Name of publisher, distributor, etc | Institut d'Estudis, |
| Date of publication, distribution, etc | 1990. |
| 300 ## - PHYSICAL DESCRIPTION | |
| Extent | 310 p. : |
| Other physical details | il. ; |
| Dimensions | 24 cm. |
| 336 ## - CONTENT TYPE | |
| Content type term | Texto (visual) |
| Source | rdacontent |
| 337 ## - MEDIA TYPE | |
| Media type term | sin mediación |
| Source | rdamedia |
| 338 ## - CARRIER TYPE | |
| Source | rdacarrier |
| Carrier type term | volume |
| 490 1# - SERIES STATEMENT | |
| Series statement | Quaderns de l'Institut ; |
| Volume number/sequential designation | 3 |
| 504 ## - BIBLIOGRAPHY, ETC. NOTE | |
| Bibliography, etc | Bibliografía |
| 650 #4 - SUBJECT ADDED ENTRY--TOPICAL TERM | |
| Topical term or geographic name as entry element | Numismática musulmana |
| Geographic subdivision | España |
| Form subdivision | Congresos |
| 9 (RLIN) | 11588 |
| 830 #0 - SERIES ADDED ENTRY--UNIFORM TITLE | |
| Uniform title | Quaderns de l'Institut (Instituto de Estudios Ilerdenses) ; |
| 9 (RLIN) | 11589 |
| Volume number/sequential designation | 3 |
| 942 ## - ADDED ENTRY ELEMENTS (KOHA) | |
| Item type | Monografías |
| Withdrawn status | Lost status | Damaged status | Not for loan | Home library | Current library | Date acquired | Total Checkouts | Full call number | Barcode | Date last seen | Price effective from | Koha item type |
|---|---|---|---|---|---|---|---|---|---|---|---|---|
| Iglesia Nacional Española en Roma | Iglesia Nacional Española en Roma | 10/09/2014 | HIS.ESP.2. 225 | 6633 | 10/09/2014 | 10/09/2014 | Monografías |